Pleito de don Ramón Pintor para que se revoque la sentencia sobre la herencia de Doña Florentina de la Udea

Detalles Bibliográficos
Otros Autores: Ramón Pintor, Florentina de la Udea
Formato: Libro
Publicado: s.l., s.f.
Materias:
Colección:Banco de datos
Acervo:Biblioteca Palafoxiana. Colección de Manuscritos
Descripción Física:2 f. ; 31 x 21 cm.
Tema general:Civil
LEADER 00475nam a22001570004500
035 |a 1158 
245 1 0 |a Pleito de don Ramón Pintor para que se revoque la sentencia sobre la herencia de Doña Florentina de la Udea 
260 |a s.l., s.f. 
300 |a 2 f. ; 31 x 21 cm. 
650 1 0 |a Civil 
700 1 |a Ramón Pintor 
700 1 |a Florentina de la Udea 
949 |a 19948/069 
942 |c PALAMANU 
943 |g Biblioteca Palafoxiana. Colección de Manuscritos 
999 |c 1069103  |d 1069103